| 000 | 01902cam a22004694i 4500 | ||
|---|---|---|---|
| 003 | PE-LiUPU | ||
| 005 | 20250731172917.0 | ||
| 008 | 150617s r 000 0 d | ||
| 035 | _a(Sirsi) a18928 | ||
| 040 |
_aPE-LiUPU _bspa _cPE-LiUPU _erda |
||
| 049 | _aPRUA | ||
| 082 | 0 | 4 |
_a262.15 _bB94 _221 |
| 100 | 1 |
_aBurroughs, Prince Emmanuel, _eautor. |
|
| 245 | 1 | 0 | _aHonrando el diaconado. |
| 264 | 1 |
_aTexas : _bCasa Bautista de Publicaciones, _c[19 ]. |
|
| 300 |
_a139 páginas ; _c17 cm |
||
| 336 |
_atext _2rdacontent |
||
| 337 |
_aunmediated _2rdamedia |
||
| 338 |
_avolume _2rdacarrier |
||
| 505 | 0 | _aEl diaconado honrado en su origen -- El diaconado honrado en su naturaleza -- El diaconado en sus indispensables requisitos -- El diaconado honrado en su elección y ordenación -- El diaconado honrado en su ministerio -- El diaconado honrado por el mismo diácono -- El diaconado honrado en la organización de la iglesia -- El diaconado honrado en el evangelismo -- El diaconado honrado en la obra misionera -- El diaconado honrado en la mayordomía -- El diaconado honrado en las finanzas de la iglesia. | |
| 526 | _aSEG42 | ||
| 526 | _aSEG41 | ||
| 526 | _aSEG40 | ||
| 526 | _aSEG39 | ||
| 526 | _aP94 | ||
| 526 | _aP87 | ||
| 526 | _aP86 | ||
| 526 | _aP85 | ||
| 526 | _aP77 | ||
| 526 | _aP76 | ||
| 526 | _aP35 | ||
| 650 | 0 | 4 | _aDIACONOS. |
| 650 | 0 | 4 |
_aIGLESIA _xFINANZAS. |
| 700 | 1 | _aEngelmann, L. O. | |
| 910 |
_ajck _bjvq _cjck _d20150616 |
||
| 942 |
_2ddc _cBOOK |
||
| 949 |
_a262.15 B94 _wDEWEY _c1 _i05758 _lCCODEBUL1 _mBUL _p00.00 _r0 _sY _tBOOK _u19860213 _xTEOLOGIA _PP35 _0COMPRA _o.STAFF. Colección General |
||
| 994 |
_aC0 _bPEPRU |
||
| 596 | _a1 | ||
| 999 |
_a262.15 B94 _wDEWEY _c18674 _i05758 _f2021-11-12 _g5 _lCCODEBUL1 _mBUL _r0 _sY _tBOOK _u2015-6-17 _xTEOLOGIA _PP35 _0COMPRA _o.STAFF. Colección General _d18674 |
||
| 980 |
_81 _gALBERTO SANCHEZ Responsable de Automatización |
||